000 00389nam a22001217a 4500
082 _a220 PRO
100 _aOSAMA AFTAB TOOR, MUHAMMAD BILAL, IRFAN BASHIR
_971597
245 _aPR-SOF-1471-IMPLEMENTATION OF NOC ARCHITECTURE IN MPSOC.PDF
260 _aISLAMABAD
_bNUST COLLEGE OF EME
_c2015
650 _aDE-COMP-33
_971598
700 _aASST PROFESSOR SAJID GUL KHAWAJA
_971599
942 _cCR
999 _c578028
_d578028